LEADER 05601nam 22006615 450 001 9910300210103321 005 20250709140227.0 010 $a1-4939-1881-8 024 7 $a10.1007/978-1-4939-1881-2 035 $a(CKB)3710000000281082 035 $a(EBL)1964963 035 $a(OCoLC)907301155 035 $a(SSID)ssj0001386595 035 $a(PQKBManifestationID)11814663 035 $a(PQKBTitleCode)TC0001386595 035 $a(PQKBWorkID)11374315 035 $a(PQKB)10189863 035 $a(DE-He213)978-1-4939-1881-2 035 $a(MiAaPQ)EBC1964963 035 $a(PPN)183088867 035 $a(EXLCZ)993710000000281082 100 $a20141117d2015 u| 0 101 0 $aeng 135 $aur|n|---||||| 181 $ctxt 182 $cc 183 $acr 200 10$aManagement of Bladder Cancer $eA Comprehensive Text With Clinical Scenarios /$fedited by Badrinath R. Konety, Sam S. Chang 205 $a1st ed. 2015. 210 1$aNew York, NY :$cSpringer New York :$cImprint: Springer,$d2015. 215 $a1 online resource (474 p.) 300 $aDescription based upon print version of record. 311 08$a1-4939-1880-X 320 $aIncludes bibliographical references at the end of each chapters and index. 327 $aEpidemiology and natural history -- Screening for Bladder Cancer -- Pathology and Staging: Histopathology and Cytopathology -- Pathology and Staging: Genetics and Molecular Biology -- Imaging in Localized and Advanced Bladder Cancer -- New Imaging Techniques in Staging of Urothelial Carcinoma of the Bladder -- Socioeconomic issues and improved quality of care -- Quality of life measures -- Prognostication and risk assessment -- Clinical trials and emerging therapeutic strategies in bladder cancer -- Improved diagnostic techniques -- Clinical scenario: Microscopic hematuria and atypical cytology in a 68 year old man with normal upper tract imaging -- Localized surgical therapy and surveillance -- Clinical Scenario: Initial high grade Ta tumor -- Clinical Scenario: Recurrent Ta tumor -- Clinical Scenario: Rapidly growing, high volume, low grade Ta tumor -- Clinical Scenario: Low grade T1 tumor -- Intravesical therapy -- Clinical Scenario: Initial CIS -- Management of BCG Recurrent Bladder Cancer -- Clinical Scenario: Persistent CIS and HIGH Grade Ta Bladder Cancer after BCG -- Maurizio Brausi -- Clinical Scenario: Presentation and Management of Significant Side Effects from Bacillus Calmette-Guérin Bladder Instillation -- Guideline-based management of non-muscle invasive bladder cancer: comparison of the AUA, EAU, ICUD and NCCN guidelines -- Open Radical Cystectomy -- Robotic cystectomy -- Clinical Scenario: T2 bladder tumor -- Urinary Diversion: Open and robotic techniques -- Chemoradiotherapy -- Clinical Scenario: 53 year-old man with a solitary, 2 cm, high-grade T2 tumor and focal CIS in the bladder dome who wants bladder preservation -- Management of Bladder Cancer, role of chemotherapy and controversies surrounding its application -- Clinical Scenario: Large volume, non metastatic T2 bladder tumor -- The role of pelvic lymphadenectomy at the time of radical cystectomy for bladder cancer -- Clinical Scenario: Unexpected positive nodes at radical cystectomy -- Surveillance andmonitoring -- Clinical Scenario: The Role of Perioperative Chemotherapy -- Management of Bladder Cancer with Pelvic Nodal Metastases After Complete Response to Chemotherapy -- Guideline based management muscle-invasive bladder cancer: NCCN, ICUD and EAU. 330 $aThis book provides a single, comprehensive reference source that incorporates the epidemiology, natural history, and the latest genetic and molecular biological findings of bladder cancer. This book discusses the diagnostic and staging evaluation of both non-muscle invasive and invasive bladder cancer and incorporates the new findings on markers for the diagnosis of bladder cancer. Risk stratified treatment of non-muscle invasive bladder cancer including various approaches to intravesical therapy are reviewed. Current guideline-based approaches to management and new data regarding diagnosis and prognostication of muscle invasive bladder cancer is analyzed and summarized. This book covers the application of chemotherapy for muscle invasive and advanced disease. The evidence-based application of multimodality therapy is highlighted. Gaps in current knowledge and important areas for clinical  research are highlighted. Authored by experts in their respective fields, Management of Bladder Cancer: A Comprehensive Text with Clinical Scenarios serves as an easy and complete reference source for clinicians, researchers, individuals in training, allied health professionals and medical students in the fields of Urology, Medical Oncology, Radiation Oncology, Basic and Translational Science and Epidemiology. 606 $aUrology 606 $aOncology 606 $aInterventional radiology 606 $aUrology 606 $aOncology 606 $aInterventional Radiology 615 0$aUrology. 615 0$aOncology. 615 0$aInterventional radiology. 615 14$aUrology. 615 24$aOncology. 615 24$aInterventional Radiology. 676 $a610 676 $a616.0757 676 $a616.6 676 $a616994 702 $aKonety$b Badrinath R$4edt$4http://id.loc.gov/vocabulary/relators/edt 702 $aChang$b Sam S$4edt$4http://id.loc.gov/vocabulary/relators/edt 906 $aBOOK 912 $a9910300210103321 996 $aManagement of Bladder Cancer$91867671 997 $aUNINA LEADER 04404nam 22006735 450 001 9910337585103321 005 20251116203837.0 010 $a3-030-00401-5 024 7 $a10.1007/978-3-030-00401-9 035 $a(CKB)4100000007110715 035 $a(MiAaPQ)EBC5568414 035 $a(DE-He213)978-3-030-00401-9 035 $a(PPN)231464932 035 $a(EXLCZ)994100000007110715 100 $a20181024d2019 u| 0 101 0 $aeng 135 $aurcnu|||||||| 181 $ctxt$2rdacontent 182 $cc$2rdamedia 183 $acr$2rdacarrier 200 10$aExploration and Production of Oceanic Natural Gas Hydrate $eCritical Factors for Commercialization /$fby Michael D. Max, Arthur H. Johnson 205 $a2nd ed. 2019. 210 1$aCham :$cSpringer International Publishing :$cImprint: Springer,$d2019. 215 $a1 online resource (501 pages) 311 08$a3-030-00400-7 327 $a1. Energy Overview: Prospects for Natural Gas -- 2. Economic Characteristics of Deepwater Natural Gas Hydrate -- 3. Exploration for Deepwater Natural Gas Hydrate -- 4. Potential High-Quality Reservoir Sediments in the Gas Hydrate Stability Zone -- 5. Valuation of NGH Deposits -- 6. Deepwater Natural Gas Hydrate Innovation Opportunities -- 7. Leveraging Technology for NGH Development and Production -- 8. New Technology for NGH Development and Production -- 9. Offshore Operations and Logistics -- 10. Energy Resource Risk Factors -- 11. Elements of Commerciality. 330 $aThis second edition provides extensive information on the attributes of the Natural Gas Hydrate (NGH) system, highlighting opportunities for the innovative use and modification of existing technologies, as well as new approaches and technologies that have the potential to dramatically lower the cost of NGH exploration and production. Above all, the book compares the physical, environmental, and commercial aspects of the NGH system with those of other gas resources. It subsequently argues and demonstrates that natural gas can provide the least expensive energy during the transition to, and possibly within, a renewable energy future, and that NGH poses the lowest environmental risk of all gas resources. Intended as a non-mathematical, descriptive text that should be understandable to non-specialists as well as to engineers concerned with the physical characteristics of NGH reservoirs and their production, the book is written for readers at the university graduate level. It offers a valuable reference guide for environmentalists and the energy community, and includes discussions that will be of great interest to energy industry professionals, legislators, administrators, regulators, and all those concerned with energy options and their respective advantages and disadvantages. 606 $aEnergy 606 $aClimatic changes 606 $aManagement 606 $aIndustrial management 606 $aRobotics 606 $aAutomation 606 $aMines and mineral resources 606 $aEnergy, general$3https://scigraph.springernature.com/ontologies/product-market-codes/100000 606 $aClimate Change Management and Policy$3https://scigraph.springernature.com/ontologies/product-market-codes/314000 606 $aInnovation/Technology Management$3https://scigraph.springernature.com/ontologies/product-market-codes/518000 606 $aRobotics and Automation$3https://scigraph.springernature.com/ontologies/product-market-codes/T19020 606 $aMineral Resources$3https://scigraph.springernature.com/ontologies/product-market-codes/G38010 615 0$aEnergy. 615 0$aClimatic changes. 615 0$aManagement. 615 0$aIndustrial management. 615 0$aRobotics. 615 0$aAutomation. 615 0$aMines and mineral resources. 615 14$aEnergy, general. 615 24$aClimate Change Management and Policy. 615 24$aInnovation/Technology Management. 615 24$aRobotics and Automation. 615 24$aMineral Resources. 676 $a665.7 676 $a665.73 700 $aMax$b Michael D$4aut$4http://id.loc.gov/vocabulary/relators/aut$0886483 702 $aJohnson$b A. H$g(Arthur H.),$4aut$4http://id.loc.gov/vocabulary/relators/aut 906 $aBOOK 912 $a9910337585103321 996 $aExploration and Production of Oceanic Natural Gas Hydrate$91979620 997 $aUNINA